000
00293nam a22001337a 4500
008
170612b xxu||||| |||| 00| 0 eng d
020
_a
2900813343722
041
_a
eng
080
_a
324
100
_a
19
101
_a
SHP
245
_a
INTERNATIONAL STUDIES
_c
ANDERSON, SH
942
_2
udc
_c
BK
999
_c
16911
_d
16911